Reshaping economic geography in East Asia / (Record no. 11786)
[ view plain ]
| 000 -LEADER | |
|---|---|
| fixed length control field | 01428cam a2200349 a 4500 |
| 001 - CONTROL NUMBER | |
| control field | 15466302 |
| 005 - DATE AND TIME OF LATEST TRANSACTION | |
| control field | 20090220071026.0 |
| 008 - FIXED-LENGTH DATA ELEMENTS--GENERAL INFORMATION | |
| fixed length control field | 080926s2009 dcuab b i001 0 eng |
| 010 ## - LIBRARY OF CONGRESS CONTROL NUMBER | |
| LC control number | 2008042550 |
| 020 ## - INTERNATIONAL STANDARD BOOK NUMBER | |
| International Standard Book Number | 9780821376416 |
| 020 ## - INTERNATIONAL STANDARD BOOK NUMBER | |
| International Standard Book Number | 0821376411 |
| 020 ## - INTERNATIONAL STANDARD BOOK NUMBER | |
| International Standard Book Number | 9780821376423 (electronic) |
| 020 ## - INTERNATIONAL STANDARD BOOK NUMBER | |
| International Standard Book Number | 082137642X (electronic) |
| 035 ## - SYSTEM CONTROL NUMBER | |
| System control number | (OCoLC)234146341 |
| 035 ## - SYSTEM CONTROL NUMBER | |
| System control number | (OCoLC)ocn234146341 |
| 040 ## - CATALOGING SOURCE | |
| Original cataloging agency | DLC |
| Transcribing agency | DLC |
| Modifying agency | DLC |
| 043 ## - GEOGRAPHIC AREA CODE | |
| Geographic area code | ae----- |
| 050 00 - LIBRARY OF CONGRESS CALL NUMBER | |
| Classification number | HC460.5.Z9 |
| Item number | D574 2009 |
| 082 00 - DEWEY DECIMAL CLASSIFICATION NUMBER | |
| Classification number | 330.95 |
| Edition number | 22 |
| Item number | RES |
| 245 00 - TITLE STATEMENT | |
| Title | Reshaping economic geography in East Asia / |
| Statement of responsibility, etc | edited by Yukon Huang and Alessandro Magnoli Bocchi. |
| 260 ## - PUBLICATION, DISTRIBUTION, ETC. (IMPRINT) | |
| Place of publication, distribution, etc | Washington, DC : |
| Name of publisher, distributor, etc | World Bank, |
| Date of publication, distribution, etc | c2009. |
| 300 ## - PHYSICAL DESCRIPTION | |
| Extent | xxxi, 369 p. : |
| Other physical details | ill, maps ; |
| Dimensions | 27 cm. |
| 500 ## - GENERAL NOTE | |
| General note | "Companion volume to the World development report 2009"--P. [4] of cover. |
| 504 ## - BIBLIOGRAPHY, ETC. NOTE | |
| Bibliography, etc | Includes bibliographical references and index. |
| 650 #0 - SUBJECT ADDED ENTRY--TOPICAL TERM | |
| Topical term or geographic name as entry element | Industrial clusters |
| Geographic subdivision | East Asia. |
| 9 (RLIN) | 5992 |
| 651 #0 - SUBJECT ADDED ENTRY--GEOGRAPHIC NAME | |
| Geographic name | East Asia |
| General subdivision | Economic conditions. |
| 9 (RLIN) | 5993 |
| 700 1# - ADDED ENTRY--PERSONAL NAME | |
| Personal name | Huang, Yukon. |
| 9 (RLIN) | 5994 |
| 700 1# - ADDED ENTRY--PERSONAL NAME | |
| Personal name | Bocchi, Alessandro Magnoli, |
| Dates associated with a name | 1968- |
| 9 (RLIN) | 5995 |
| 942 ## - ADDED ENTRY ELEMENTS (KOHA) | |
| Source of classification or shelving scheme | Dewey Decimal Classification |
| Item type | Book - Borrowing |
| Withdrawn status | Item status | Source of classification or shelving scheme | Damaged status | Not for loan | Vendor | Home library | Current library | Shelving location | Date acquired | Cost, normal purchase price | Serial Enumeration / chronology | Total Checkouts | Total Renewals | Full call number | Barcode | Date last seen | Date last borrowed | Koha item type |
|---|---|---|---|---|---|---|---|---|---|---|---|---|---|---|---|---|---|---|
| Dewey Decimal Classification | MERIC | Central Library | Central Library | First floor | 10/06/2009 | 105.00 | 9083 | 4 | 1 | 330.95 RES | 000016674 | 15/07/2025 | 30/07/2019 | Book - Borrowing |